000 00742nam a2200241Ia 4500
003 GCL
005 20240530105421.0
008 140319s9999 xx 000 0 ara d
040 _aGCL /
_cGCL
082 0 4 _a320.9
_bض ا
100 1 _aضياء الحاجرى
245 1 0 _aاسرائيل من الداخل /
_cضياء الحاجرى
260 _a[S.N] :
_bمكتبة ابن سينا ،
300 _a192 ص
650 0 4 _aالمجتمع
650 0 4 _aالاحوال الاجتماعية
650 0 4 _aالاحوال السياسية
650 0 4 _aالنزاع العربى الاسرائيلى
650 0 4 _aاسرائيل
650 0 4 _aالعلاقات الخارجية
650 0 4 _aالصهيونية
942 _2ddc
_cBK
999 _c55844
_d55844